India-China : (Record no. 93685)

MARC details
000 -LEADER
fixed length control field 00669nam a22002057a 4500
005 - DATE AND TIME OF LATEST TRANSACTION
control field 20150721145239.0
010 ## - LCCN (DPL NO)
LC control number ENG-113100
020 ## - INTERNATIONAL STANDARD BOOK NUMBER
International Standard Book Number 9789380574073
Terms of availability 900.00
035 ## - SYSTEM CONTROL NUMBER
System control number EN-96632
037 ## - SOURCE OF ACQUISITION
Source of stock number/acquisition DBAD/PUB
082 ## - DEWEY DECIMAL CLASSIFICATION NUMBER
Classification number 382.0954051
245 ## - TITLE STATEMENT
Title India-China :
Remainder of title trade and strategy for frontier development /
Statement of responsibility, etc edited by Gurudas Das [and] C. Joshua Thomas
260 ## - PUBLICATION, DISTRIBUTION, ETC. (IMPRINT)
Place of publication, distribution, etc New Delhi
Name of publisher, distributor, etc Bookwell
Date of publication, distribution, etc 2010
270 ## - ADDRESS
Address 3/79, Nirankari Colony,
City New Delhi
Postal code 110009
300 ## - PHYSICAL DESCRIPTION
Extent xviii,431p.
Dimensions 23cm(Hb)
500 ## - GENERAL NOTE
General note Includes bibliographical references
700 ## - ADDED ENTRY--PERSONAL NAME
Personal name Das, Gurudas
700 ## - ADDED ENTRY--PERSONAL NAME
Personal name Joshua Thomas, C.
942 ## - ADDED ENTRY ELEMENTS (KOHA)
Source of classification or shelving scheme Dewey Decimal Classification
Item type English Books
Call number suffix IND
Classification part 382.0954051
Holdings
Withdrawn status Lost status Not for loan Collection code Home library Current library Date acquired Source of acquisition Cost, normal purchase price Full call number Barcode Copy number Cost, replacement price Koha item type
    Not For Loan Non-fiction D.B.Act.Division D.B.Act.Division 18/05/2015 DBAD/PUB 900.00 382.0954051 IND EN-96632 1 900.00 English Books

© Delhi Public Library
Hit Counter
free hit counter